LEADER 01135nam0-2200373li-450- 001 990000249690203316 035 $a0024969 035 $aUSA010024969 035 $a(ALEPH)000024969USA01 035 $a0024969 100 $a20001109d1981984-km-y0itay0103----ba 101 0 $aita 102 $aIT 200 1 $aElettrodinamica classica$fJohn D. Jackson$gtrad. di Lucio Mezzetti 210 $aBologna$cZanichelli$d1984 215 $aXVII, 771 p.$cill.$d24 cm 312 $aClassical electrodynamics 454 $12001$aClassical electrodynamics$91400589 610 1 $aElettrodinamica 676 $a5376 700 1$aJACKSON,$bJohn D.$034109 702 1$aMEZZETTI$bLucio 801 $aSistema bibliotecario di Ateneo dell' Università di Salerno$gRICA 912 $a990000249690203316 951 $a537.601 JAC (C)$b0011235$c537.601 959 $aBK 969 $aSCI 979 $c19891220 979 $c20001110$lUSA01$h1715 979 $aPATTY$b90$c20011030$lUSA01$h1457 979 $c20020403$lUSA01$h1633 979 $aPATRY$b90$c20040406$lUSA01$h1618 996 $aClassical electrodynamics$91400589 997 $aUNISA LEADER 03028nam 22006854a 450 001 9911019111703321 005 20200520144314.0 010 $a9786610237739 010 $a9781280237737 010 $a1280237732 010 $a9780470776124 010 $a0470776129 010 $a9781405150385 010 $a1405150386 035 $a(CKB)1000000000414886 035 $a(EBL)239844 035 $a(SSID)ssj0000152063 035 $a(PQKBManifestationID)11150611 035 $a(PQKBTitleCode)TC0000152063 035 $a(PQKBWorkID)10320998 035 $a(PQKB)10300656 035 $a(MiAaPQ)EBC239844 035 $a(MiAaPQ)EBC4957661 035 $a(Au-PeEL)EBL4957661 035 $a(CaONFJC)MIL23773 035 $a(OCoLC)264621007 035 $a(Perlego)2759850 035 $a(EXLCZ)991000000000414886 100 $a20050701d2006 uy 0 101 0 $aeng 135 $aur|n|---||||| 181 $ctxt 182 $cc 183 $acr 200 10$aExperimental design and statistics for psychology $ea first course /$fFabio Sani and John Todman 205 $a1st ed. 210 $aMalden, MA $cBlackwell Pub.$d2006 215 $a1 online resource (234 p.) 300 $aDescription based upon print version of record. 311 08$a9781405100236 311 08$a1405100230 320 $aIncludes bibliographical references (p. [215]) and index. 327 $aScientific psychology and the research process -- The nature of psychology experiments (I): variables and conditions -- The nature of psychology experiments (II): validity -- Describing data -- Making inferences from data -- Selecting a statistical test -- Tests of significance for nominal data -- Tests of significance for ordinal data (and interval/ratio data when parametric assumptions are not met) -- Tests of significance for interval data -- Correlational studies. 330 $aExperimental Design and Statistics for Psychology: A First Course is a concise, straighforward and accessible introduction to the design of psychology experiments and the statistical tests used to make sense of their results.Makes abundant use of charts, diagrams and figures. Assumes no prior knowledge of statistics. Invaluable to all psychology students needing a firm grasp of the basics, but tackling of some of the topic's more complex, controversial issues will also fire the imagination of more ambitious students. Covers different aspects of ex 606 $aPsychometrics$vTextbooks 606 $aExperimental design$vTextbooks 606 $aPsychology$xResearch$xMethodology$vTextbooks 615 0$aPsychometrics 615 0$aExperimental design 615 0$aPsychology$xResearch$xMethodology 676 $a150/.72/4 700 $aSani$b Fabio$f1961-$0858024 701 $aTodman$b John B$0721370 801 0$bMiAaPQ 801 1$bMiAaPQ 801 2$bMiAaPQ 906 $aBOOK 912 $a9911019111703321 996 $aExperimental design and statistics for psychology$93064020 997 $aUNINA